mysqli: Table './ulib62015/stat_globaluid' is marked as crashed and should be repaired
select id from stat_globaluid where statuid='20260517200455_4159'
mysqli: Table './ulib62015/stat_globaluid' is marked as crashed and should be repaired
DELETE FROM stat_globaluid
WHERE id NOT IN (
SELECT id
FROM (
SELECT id
FROM stat_globaluid
ORDER BY id DESC
LIMIT 100
) foo
);
mysqli: Table './ulib62015/stat_globaluid' is marked as crashed and should be repaired
insert into stat_globaluid set
statuid='20260517200455_4159',
dt='1779023095',
phpself='/ULIB62015/dublinfull.php',
agent='Mozilla/5.0 AppleWebKit/537.36 (KHTML, like Gecko; compatible; ClaudeBot/1.0; +claudebot@anthropic.com)',
yea='2026',
mon='5',
dat='17',
ip='216.73.216.45'
mysqli: Table './ulib62015/stathist_viewbib_bib_type' is marked as crashed and should be repaired
insert into stathist_viewbib_bib_type set
dat='17' ,
mon='05' ,
yea='2026' ,
statuid='20260517200455_4159' ,
head='13399121382' ,
foot='marc' ,
dt='1779023095'
| LEADER : 00000nam 2200000uu 4500 |
| 001 13399121382 |
| 003 ULIB |
| 008 160215s2006||||th 000 0 eng d |
| 020 ^a9781401827052
|
| 020 ^a1401827055
|
| 060 04 ^aWX159^bK957h 2006
|
| 100 1 ^aKuhns, Donna J.
|
| 245 10 ^aHealth unit coordinator :^b21 st century professional /^cDonna J. Kuhns, Patricia N. Rice, Linda L. Winslow
|
| 260 ^aClifton Park, NY:^bThomson Delmar Learning,^cc2006.
|
| 300 ^axvi, 619 p. :^bill ;^c28 cm.+^e1 CD-ROM ;4 3/4 in.
|
| 650 2 ^aHospital ward clerks^xoutlines syllabi.
|
| 650 2 ^aHospital units^xorganization administration
|
| 650 2 ^aPersounel^xhospital
|
| 700 1 ^aRice, Patricia N.
|
| 700 1 ^aWinslow, Linda L.
|
| 945 ^p2000^l0^i022915 |
| 999 ^a57066
|
| คุณยังไม่ได้ล็อกอิน คุณสามารถมีกิจกรรมร่วมกับเว็บไซต์ได้ แต่ต้องล็อกอินก่อน :: |
|
|
|
| ลำดับที่ |
ประเภท |
เลขเรียก/บาร์โค้ด |
สถานที่ |
สถานะ |
| 1. |
 หนังสือ | WX159 K957h 2006 Barcode: 022915 | หนังสือทั่วไป | บนชั้น ขอยืม |
|
ยังไม่เคยถูกคอมเมนท์
|
| คอมเมนท์ทรัพยากรรายการนี้ |
|